Agricultural policies in China
Gespeichert in:
| Format: | Buch |
|---|---|
| Sprache: | Englisch |
| Veröffentlicht: |
Paris
OECD
1997
|
| Schriftenreihe: | China in the global economy
|
| Schlagworte: | |
| Tags: |
Keine Tags, Fügen Sie das erste Tag hinzu!
|
MARC
| LEADER | 00000nam a2200000 4500 | ||
|---|---|---|---|
| 001 | c117850 | ||
| 005 | 20221124074417.0 | ||
| 020 | |a 92-64-15562-7 | ||
| 041 | 0 | |a eng | |
| 044 | |a FR | ||
| 245 | 1 | 0 | |a Agricultural policies in China |
| 264 | 1 | |a Paris |b OECD |c 1997 | |
| 300 | |a 309 s. | ||
| 490 | 1 | |a China in the global economy | |
| 830 | 0 | |a China in the global economy | |
| 610 | 2 | 0 | |a poľnohospodárstvo |
| 610 | 2 | 0 | |a Čína |
| 610 | 2 | 0 | |a politika environmentálna |
| 610 | 2 | 0 | |a politika poľnohospodárska |
| 610 | 2 | 0 | |a komodity |
| 610 | 2 | 0 | |a výrobky poľnohospodárske |
| 610 | 2 | 0 | |a farmy |
| 610 | 2 | 0 | |a farmy rodinné |
| 610 | 2 | 0 | |a pôda poľnohospodárska |